Sanat - "Timanttei" - Mirella - Statistics

Yleistilastot
  • Tätä visaa on pelattu 1 083 kertaa
  • Keskiarvotulos 178 / 244
Vastaustilastot
Vastaus % Oikein
ku
95%
95%
veit
93%
et
91%
91%
91%
ja
90%
Mun
90%
mun
90%
timanttei
90%
tekee
87%
ei
86%
mua
86%
niin
85%
paine
85%
tiedän
85%
hymyn
83%
teit
83%
kaiken
82%
multa
82%
pahaa
82%
joka
81%
kuole
81%
Vaik
81%
vaik
81%
vielä
81%
ainoo
80%
löydän
80%
oisin
80%
jonkun
79%
kattoo
79%
maailman
79%
sydämelle
79%
kun
78%
oo
78%
sua
75%
sanoit
74%
uskoin
74%
mut
73%
palvoo
73%
ihoo
72%
oot
71%
saa
71%
etten
70%
kipuun
70%
siin
70%
riitä
69%
vaan
69%
kauniisti
68%
nyt
68%
puhuu
67%
takaisin
67%
anelet
66%
enkä
66%
kyyneleet
65%
pitkään
65%
pysty
65%
vuotaneet
65%
ne
64%
tänään
64%
kimaltamaan
62%
kukaan
59%
nää
59%
paremmin
59%
kohtele
58%
nähä
58%
oon
58%
joo
57%
ennenkin
55%
samat
55%
kuullut
54%
muu
53%
valheet
53%
väität
50%
valoo
49%
hyvää
48%
kirkast
48%
voit
48%
enää
47%
se
46%
sun
44%
heijastan
43%
kauempaa
43%
murtumaan
43%
aina
42%
saanutkaan
42%
vaikka
42%
huomaat
41%
vahvempana
41%
nousemaan
39%
on
39%
tanssin
39%
kaa
38%
tanssimaan
38%
luottamaan
37%
koitit
35%
tiiän
35%
suhun
34%
muisto
33%
mulle
33%
tuut
33%
korjaamaan
32%
pelkkä
32%
pyytää
32%
virhees
32%
koitat
30%
mitä
30%
tiel
29%
turha
28%
väittää
25%
oltiin
22%
Ehtoja vastaavia visoja ei löytynyt
Tulosjakauma
Jokaisen tuloksen saaneiden osuus
Persentiili vastausten määrän mukaan
Tuloshistoriasi
Et ole pelannut tätä visaa